00633nam a22001937a 450000500170000001000150001702000260003203500140005803700130007208200130008510000150009824500430011326000420015627000340019830000320023294200270026499900190029195201290031020170616145051.0 aENG-118726 a9788192060804c290.00 aEN-102258 bDBAD/PUB a658.1511 aPrasad, G. aAccounting for managers/cby G. Prasad aGunturbJai Bharath Publishers c2013 a2/18 Brodiepet, Guntur-522002 aVarious Pagingsc26cm.(pbk) 2ddccENh658.1511mPRA c141238d141238 001040708NFICaLbLd2017-06-16eDBADg290.00l0o658.1511 PRApEN-102258r2017-06-16 00:00:00t1v290.00w2017-06-16yEN